000 00779nam a2200217Ia 4500
005 20241216010955.0
008 190212s9999||||xx |||||||||||||| ||und||
020 _a970-15-1176-X
082 _a004.68
_bM74
100 _aMOLINA ROBLES FRANCISCO JOSE
245 0 _aREDES DE AREA LOCAL
250 _a2
260 _aMEXICO
_bALFAOMEGA GRUPO EDITOR S.A.
_c2006
300 _a539 pag
_c22.8 pag
341 _h87.5
490 _v0
_a0
505 _aINTRODUCCIONA A LOS SISTEMAS DE COMUNICACION/ARQUITECTURAS DE REDES/ASPECTOS FISICOS DE LA TRANSMISION DE DATOS/CONTROL DEL ENLACE DE DATOS/NIVEL DE RED/NIVEL DE TRANSPORTE Y NIVEL DE APLICACION/SISTEMAS OPERATIVOS DE R
541 _aC
_bLIBRERIA SAN CRISTOBAL
_d10-Mar-08
_oSoles
650 _aOBRAS GENERALES
942 _cLIBRO
999 _c29179
_d29179